Statistics for Song Title Antonyms #2

Click here to take the quiz!

General Stats

  • This quiz has been taken 56,896 times
    (32,286 since last reset)
  • The average score is 16 of 20

Answer Stats

AntonymsSong Title% Correct
WinnerLoser
97%
HighLow
97%
Remember MeForget You
95%
Boy EnemyGirlfriend
92%
The Girls of WinterThe Boys of Summer
92%
The Square of DeathThe Circle of Life
92%
Small Boys Do LaughBig Girls Don't Cry
89%
Cold for StudentHot for Teacher
89%
A Soft Night's DayA Hard Day's Night
88%
Find MyselfLose Yourself
87%
It Wasn't a Bad NightIt Was a Good Day
86%
Can Sell You HateCan't Buy Me Love
78%
Lower SkyHigher Ground
78%
Finding Your AtheismLosing My Religion
77%
Do Sit So Far From YouDon't Stand So Close To Me
75%
Married GentlemenSingle Ladies
75%
RoughSmooth
73%
They Destroyed That CountryWe Built This City
62%
Fire Fire AdultIce Ice Baby
48%
UnattractivefrontSexyback
45%

Score Distribution

Percentile by Number Answered

Percent of People with Each Score

Your Score History

You have not taken this quiz since the last reset